Statistics for Guns N' Roses Releases

Click here to take the quiz!

General Stats

  • This quiz has been taken 46 times
    (22 since last reset)
  • The average score is 12 of 26

Answer Stats

Answer% Correct
1987Appetite for Destruction
100%
1998Use Your Illusion
100%
1993"The Spaghetti Incident?"
94%
2008Chinese Democracy
88%
1991Use Your Illusion I
88%
1991Use Your Illusion II
88%
1988G N' R Lies
82%
1999Live Era '87 - '93
65%
1994: Interview with the VampireSympathy for the Devil
59%
2022Hard Skool
53%
1993November Rain: Makin' F@*!ing Videos Part II
53%
1993Don't Cry: Makin' F@*!ing Videos Part I
47%
1999 End of DaysOh My God
47%
2004Greatest Hits
41%
1994The Making of Estranged: Part IV of the Trilogy!!!
41%
1986Live ?!*@ Like a Suicide
35%
2014Appetite for Democracy 3D
24%
1993The "Civil War" EP
18%
1998Welcome to the Videos
18%
2018Appetite for Destruction - Locked N' Loaded Edition
12%
1988Guns N' Roses (Live from the Jungle)
12%
1993Garden of Eden: Strictly Limited Edition Video Single
6%
1993Makin' F@*ing Videos Part I & II
6%
1992Use Your Illusion I & II: World Tour - 1992 in Tokyo
6%
1992Use Your Illusion II: World Tour - 1992 in Tokyo
6%
1992Use Your Illusion I: World Tour - 1992 in Tokyo
6%

Score Distribution

Percentile by Number Answered

Percent of People with Each Score

Your Score History

You have not taken this quiz since the last reset